An introduction to linear programming and the theory of games (Record no. 2598)

MARC details
000 -LEADER
fixed length control field 00459nam a2200169Ia 4500
003 - CONTROL NUMBER IDENTIFIER
control field IN-BaIIA
008 - FIXED-LENGTH DATA ELEMENTS--GENERAL INFORMATION
fixed length control field 211028s9999 xx 000 0 eng d
040 ## - CATALOGING SOURCE
Transcribing agency IIA Library
080 ## - UNIVERSAL DECIMAL CLASSIFICATION NUMBER
Universal Decimal Classification number 519.8
Item number VAJ
100 ## - MAIN ENTRY--PERSONAL NAME
Personal name Vajda, S.
9 (RLIN) 4614
245 #3 - TITLE STATEMENT
Title An introduction to linear programming and the theory of games
Statement of responsibility, etc. S. Vajda
260 ## - PUBLICATION, DISTRIBUTION, ETC.
Place of publication, distribution, etc. London
Name of publisher, distributor, etc. Methuen
Date of publication, distribution, etc. 1960
300 ## - PHYSICAL DESCRIPTION
Extent 76p.
650 ## - SUBJECT ADDED ENTRY--TOPICAL TERM
Topical term or geographic name entry element Linear programming
9 (RLIN) 4615
650 ## - SUBJECT ADDED ENTRY--TOPICAL TERM
Topical term or geographic name entry element Theory of games
9 (RLIN) 4616
942 ## - ADDED ENTRY ELEMENTS (KOHA)
Koha item type Books
Holdings
Withdrawn status Lost status Damaged status Not for loan Home library Current library Shelving location Date acquired Cost, normal purchase price Total Checkouts Full call number Barcode Date last seen Cost, replacement price Price effective from Koha item type Purchase Price
        IIA Library-Bangalore IIA Library-Bangalore General Stacks 30/03/1966 6.36   519.8/ VAJ 2901 05/11/2021 6.36 30/03/1966 Books Rs. 6.36

Powered by Koha